Language Quiz

Random Language or Letter Quiz

Add a 'P' Quiz Stats

 Plays Quiz Updated Nov 6, 2018

     
Support Sporcle.
Go Orange.
Score 0/20 Timer 05:00
0 Plays Today
Before Hint Answer % Correct
Slang for a tattooInk -> Pink
89.8%
To arrange or classifySort -> Sport
85.4%
Black and tan ingredientAle -> Pale
84%
AutomobileCar -> Carp
82.6%
A donkeyAss -> Pass
82.4%
A narrow cut or incisionSlit -> Split
76.3%
ShoestringLace -> Place
71.8%
Garden toolHoe -> Hope
69.5%
A mining metalOre -> Pore
65.4%
TransgressionSin -> Spin
58.7%
Before Hint Answer % Correct
Ill-manneredRude -> Prude
52.3%
A Wall Street orderSell -> Spell
51.6%
To burn quicklySear -> Spear
50.8%
More chips for the potRaise -> Praise
40.5%
To analyze or criticizeReview -> Preview
38.3%
BlacktopTar -> Tarp
34%
To fine-tuneHone -> Phone
33.7%
Entomologist's interestInsect -> Inspect
29.3%
Schoolmarmish; Strait-lacedPrim -> Primp
19.9%
Parfait featureLayer -> Player
14.7%

From the Vault

Christmas Carols Without the Christmas

by Hejman

Holiday 7m
Without Christmas, they just become plain old songs.
Remove Ads.
Support Sporcle.
Get the best of Sporcle when you Go Orange. This ad-free experience offers more features, more stats, and more fun while also helping to support Sporcle. Thank you for becoming a member.

Show Comments

Extras

Top Quizzes Today


Score Distribution

Your Account Isn't Verified!

In order to create a playlist on Sporcle, you need to verify the email address you used during registration. Go to your Sporcle Settings to finish the process.

Report this User

Report this user for behavior that violates our Community Guidelines.

Details: